[Event "Druzynowe Mistrzostwa Polski w Szachach I LIGA 2021"]
[Site "Szklarska Poreba"]
[Date "1899-12-30"]
[Round "2.71"]
[White "Paprocki, Antoni"]
[Black "Bajerlein, Dawid"]
[Result "0-1"]
[WhiteTitle "I++"]
[BlackTitle "k+"]
[WhiteElo "1894"]
[BlackElo "2036"]

1. e4 c6 2. d4 d5 3. e5 Bf5 4. h4 h6 5. g4 Be4 6. f3 Bh7 7. e6 Qd6 8. exf7+ Kxf7
9. f4 Qe6+ 10. Qe2 Qxe2+ 11. Bxe2 Bxc2 12. Nf3 Nd7 13. Ne5+ Nxe5 14. fxe5 e6 15.
Nc3 Bb4 16. O-O Ke8 17. Nd1 Ne7 18. Nf2 Rf8 19. Nd3 Rxf1+ 20. Bxf1 Bxd3 21. Bxd3
Kd7 22. Be3 Rf8 23. Kg2 a6 24. Rc1 Ba5 25. Rc2 Be1 26. h5 Bh4 27. Re2 Bg5 28.
Bf2 Nc8 29. Bg3 Nb6 30. b3 Kc7 31. Bf2 Nd7 32. Rc2 Rf4 33. Kg3 Rf8 34. Kg2 a5
35. a4 Rf4 36. Be2 Rf7 37. Be1 b6 38. Bf2 Kb7 39. Bd3 Rf4 40. Be2 Rf8 41. Bd3
Rc8 42. Bg6 Rf8 43. Bd3 Bf4 44. Bg6 Nb8 45. Bd3 Rc8 46. Bg6 Na6 47. Bf7 Nc7 48.
Rc3 Rf8 49. Bg6 Bd2 50. Rc2 Bg5 51. Bd3 Rf4 52. Kg3 Rf7 53. Bg6 Rf8 54. Bd3 Ra8
55. Bg6 Rf8 56. Bd3 b5 57. Be1 b4 58. Bf2 Kb6 59. Bg1 Na8 60. Bf2 Nc7 61. Bg1
Rf7 62. Bf2 Bf4+ 63. Kg2 Rf8 64. Bg1 Bg5 65. Kg3 Ne8 66. Bf2 Nc7 67. Bg1 Rf7 68.
Bf2 Na8 69. Bg1 Kb7 70. Bf2 Rf8 71. Bg1 Bf4+ 72. Kg2 Bg5 73. Bf2 Be7 74. Bg1 Nb6
75. Be3 Nd7 76. Bg1 Bd8 77. Bf2 Bb6 78. Kg3 Rf7 79. Bg6 Rf8 80. Bd3 Rc8 81. Kg2
Rd8 82. Bh4 Re8 83. Bf2 Rf8 84. Kg3 Bd8 85. Bg1 Bc7 86. Bf2 Nf6 87. Re2 Nd7 88.
Kg2 Rf7 89. Bg6 Rf8 90. Bd3 Bd8 91. Rc2 Bg5 92. Bg1 Bh4 93. Re2 Rf4 94. Be3 Rf8
95. Bg1 Kb6 96. Be3 Bg5 97. Bf2 Bc1 98. Rc2 Bf4 99. Bg1 Bg5 100. Kg3 Be7 101.
Bf2 Bd8 102. Kg2 Kb7 103. Kg3 Bc7 104. Kg2 Rd8 105. Bh4 Re8 106. Bf2 Re7 107.
Bh4 Rf7 108. Bf2 c5 109. Bg6 Rf8 110. dxc5 Nxe5 111. Bd4 Nxg4 112. c6+ Kc8 113.
Re2 e5 114. Bc5 Rf4 115. Be8 Nf6 116. Bf7 Kd8 117. Bxd5 Nxh5 118. Be6 Nf6 119.
Rd2+ Ke8 120. Be3 Rh4 121. Kg3 g5 122. Bf5 Ke7 123. Bc5+ Kf7 124. Bd6 Bxd6 125.
Rxd6 Ne4+ 126. Bxe4 Rxe4 127. Kf3 Rf4+ 128. Ke3 Rf1 129. Ke4 Ke7 130. Rxh6 Rb1
131. Kxe5 Rxb3 132. Rh7+ Kd8 133. Kd6 Rd3+ 134. Kc5 b3 135. Kb6 Rc3 136. Rh8+
Ke7 137. Rh1 b2 138. Re1+ Kd6 139. Rd1+ Ke5 140. Rb1 Rb3+ 141. Kc5 Rc3+ 142. Kb5
Rb3+ 143. Kc5 Ke6 144. Re1+ Kf7 145. Rb1 Ke7 146. Kc4 Rb4+ 147. Kd5 g4 148. Re1+
Kd8 149. Kd6 Rd4+ 150. Kc5 Rxa4 151. Kd6 Rd4+ 152. Kc5 Rd3 153. Rb1 Rb3 154. Kd6
Rd3+ 155. Kc5 Rb3 156. Kd6 Kc8 157. Re1 Rd3+ 158. Kc5 a4 159. Kc4 a3 160. Kxd3
a2 161. Kc2 b1=Q+ 0-1

[Event "Druzynowe Mistrzostwa Polski w Szachach I LIGA 2021"]
[Site "Szklarska Poreba"]
[Date "1899-12-30"]
[Round "2.72"]
[White "Kostecka, Marika"]
[Black "Budkiewicz, Magdalena"]
[Result "1-0"]
[WhiteTitle "WCM"]
[BlackTitle "k"]
[WhiteElo "1834"]
[BlackElo "1827"]

1. e4 c5 2. Nf3 d6 3. d4 cxd4 4. Nxd4 Nf6 5. Nc3 a6 6. Be3 e6 7. f3 b5 8. Qd2 Bb7
9. g4 Nfd7 10. O-O-O Nb6 11. a3 N8d7 12. g5 Ne5 13. f4 Nec4 14. Qf2 Rc8 15. f5
e5 16. Nb3 Qc7 17. Bxb6 Nxb6 18. Nd5 Bxd5 19. exd5 Nc4 20. Bd3 a5 21. Rhe1 Kd8
22. f6 a4 23. Nd2 Nxd2 24. Qxd2 gxf6 25. gxf6 h5 26. Kb1 Rb8 27. Qb4 Qc5 28. Qa5+
Qb6 29. Qxb6+ Rxb6 30. Re4 Rg8 31. Rh4 Bh6 32. Rxh5 Bf4 33. Rh7 Ke8 34. h4 b4
35. axb4 Rxb4 36. h5 e4 37. c3 Rb7 38. Re1 a3 39. Rxe4+ Be5 40. b4 Rg1+ 41. Ka2
Rg2+ 42. Kxa3 Ra7+ 43. Kb3 Rga2 44. Kc4 Rc7+ 45. Kb5 Raa7 46. Rxe5+ 1-0

[Event "Druzynowe Mistrzostwa Polski w Szachach I LIGA 2021"]
[Site "Szklarska Poreba"]
[Date "1899-12-30"]
[Round "2.73"]
[White "Goluch, Piotr"]
[Black "Lewtak, Damian"]
[Result "1-0"]
[WhiteTitle "IM"]
[BlackTitle "IM"]
[WhiteElo "2318"]
[BlackElo "2397"]

1. d4 Nf6 2. c4 e6 3. Nc3 Bb4 4. e3 Bxc3+ 5. bxc3 d6 6. Nf3 O-O 7. Bd3 Nc6 8. O-O
e5 9. e4 Bg4 10. Be3 exd4 11. cxd4 Re8 12. Qb1 a5 13. Nd2 Nb4 14. Bg5 h6 15. Bh4
g5 16. Bg3 Nh5 17. a3 Nc6 18. d5 Ne5 19. Bxe5 Rxe5 20. c5 dxc5 21. Nc4 Re8 22.
Qxb7 Nf4 23. Ne3 Bd7 24. Bc2 Qb8 25. Rfb1 Ne2+ 26. Kf1 Nc3 27. Qxb8 Raxb8 28.
Rxb8 Rxb8 29. Ke1 Re8 30. f3 c6 31. Kd2 cxd5 32. exd5 f5 33. Nxf5 Nxd5 34. Nxh6+
Kg7 35. Nf5+ Bxf5 36. Bxf5 Rh8 37. h3 Kf6 38. Be4 Nf4 39. g3 Ne6 40. Rh1 Ke5 41.
h4 gxh4 42. Rxh4 Rg8 43. Rh5+ Kf6 44. Rf5+ Ke7 45. g4 Rb8 46. Kc3 a4 47. Bc2 Kd6
48. Kc4 Rb2 49. Bxa4 Ra2 50. Rd5+ Ke7 51. Rd3 Ra1 52. Bc6 Nf4 53. Rb3 Kd6 54.
Be4 Rc1+ 55. Rc3 Rg1 56. a4 Ra1 57. Kb5 Ne6 58. Ka5 Nd4 59. g5 Ra2 60. g6 Rb2
61. f4 Rb8 62. Re3 Rf8 63. g7 Rg8 64. Rg3 Ne6 65. Kb6 c4 66. Bh7 Rxg7 67. Rxg7
Nxg7 68. a5 Ne6 69. a6 Nxf4 70. a7 Nd5+ 71. Kb7 Nc7 72. Bg8 c3 73. Bh7 Kd7 74.
Bg6 Kd6 75. Bf5 1-0

[Event "Druzynowe Mistrzostwa Polski w Szachach I LIGA 2021"]
[Site "Szklarska Poreba"]
[Date "1899-12-30"]
[Round "2.74"]
[White "Kumala, Aleksander"]
[Black "Dzida, Kamil"]
[Result "1/2-1/2"]
[WhiteTitle "CM"]
[BlackTitle "k+"]
[WhiteElo "2140"]
[BlackElo "2224"]

1. d4 Nf6 2. Bg5 d5 3. Bxf6 exf6 4. e3 c6 5. Bd3 f5 6. Nd2 g6 7. h3 Bg7 8. Qf3
O-O 9. Ne2 Nd7 10. g4 Qb6 11. Rb1 c5 12. c3 cxd4 13. cxd4 fxg4 14. hxg4 Nf6 15.
g5 Ne4 16. Nxe4 dxe4 17. Bxe4 Qa5+ 18. Nc3 Qxg5 19. Bxb7 Bxb7 20. Qxb7 Rfe8 21.
Kf1 Qf5 22. Qb5 Qf3 23. Qd5 Rxe3 24. Qxf3 Rxf3 25. Rd1 h5 26. Kg2 Rf4 27. d5 Rb8
28. Rd2 Bh6 29. Re2 Rg4+ 30. Kf3 Rf4+ 31. Kg2 Rg4+ 32. Kf3 Rbb4 33. Re8+ Kg7 34.
Rd1 Rgf4+ 35. Kg2 Rxb2 36. Ne2 Ra4 37. d6 Raxa2 38. d7 Bg5 39. Rd5 Bf6 40. Kf3
g5 41. Nd4 Rxf2+ 42. Ke4 Rf4+ 43. Kd3 Ra3+ 44. Ke2 Ra2+ 45. Kd3 Ra3+ 46. Ke2 Bxd4
47. Rxg5+ Kh6 48. Rh8+ Bxh8 49. d8=Q Bf6 50. Qf8+ Kxg5 51. Qxa3 Bd4 52. Qg3+ Rg4
53. Qd6 Rf4 54. Qd5+ f5 55. Qg8+ Kf6 56. Qd8+ Ke6 57. Qe8+ Kd5 58. Qd7+ Ke5 59.
Qc7+ 1/2-1/2

[Event "Druzynowe Mistrzostwa Polski w Szachach I LIGA 2021"]
[Site "Szklarska Poreba"]
[Date "1899-12-30"]
[Round "2.75"]
[White "Jankowiak, Tomasz"]
[Black "Kasperek, Ryszard"]
[Result "0-1"]
[WhiteTitle "k"]
[BlackTitle "m"]
[WhiteElo "2169"]
[BlackElo "2163"]

1. e4 c5 2. Nf3 e6 3. d4 cxd4 4. Nxd4 a6 5. Bd3 Nc6 6. Nxc6 dxc6 7. O-O e5 8. Nd2
Qc7 9. a4 Nf6 10. b3 Bc5 11. Bb2 Bg4 12. Qe1 O-O 13. Nc4 Rfe8 14. a5 Rad8 15.
Kh1 Bd4 16. Bxd4 Rxd4 17. f4 exf4 18. e5 Rxc4 19. bxc4 Rxe5 20. Qd2 g5 21. g3
Re3 22. Rae1 Qe5 23. gxf4 gxf4 24. Rxe3 fxe3 25. Qg2 Kf8 26. Rxf6 e2 27. Bxe2
Bxe2 28. Qf2 Bxc4 29. h4 Bd5+ 30. Kg1 Qa1+ 31. Kh2 Qxa5 32. h5 Qc7+ 33. Kg1 Qe5
34. h6 Qg5+ 35. Kh2 Qh5+ 36. Kg3 Qg5+ 37. Kh2 Ke7 38. Rf4 Qxh6+ 39. Kg3 Qg5+ 40.
Kh2 Qh5+ 41. Kg3 Qg5+ 42. Kh2 Qe5 43. Kg1 b5 44. Qc5+ Ke6 45. Qf2 Qg5+ 46. Kf1
f5 47. c4 Bxc4+ 48. Ke1 Qf6 49. Qd2 Qe5+ 50. Kf2 a5 51. Rh4 Qc5+ 52. Rd4 Bd5 53.
Qh6+ Kd7 54. Qg7+ Qe7 55. Qg3 Kc8 56. Qd3 Qe5 57. Rh4 Qb2+ 58. Ke3 Be4 59. Qd1
Qc3+ 60. Kf4 Qd3 61. Qh5 Qd6+ 62. Ke3 Kb7 63. Qf7+ Kb6 64. Rxh7 Qg3+ 65. Ke2 Qf3+
66. Ke1 Qe3+ 67. Kf1 Bd3+ 68. Kg2 Qe2+ 69. Kh3 Qf3+ 70. Kh2 Qf2+ 71. Kh3 Bf1#
0-1

[Event "Druzynowe Mistrzostwa Polski w Szachach I LIGA 2021"]
[Site "Szklarska Poreba"]
[Date "1899-12-30"]
[Round "2.76"]
[White "Kanarkiewicz, Michal"]
[Black "Jankowiak, Piotr"]
[Result "1/2-1/2"]
[WhiteTitle "k"]
[BlackTitle "k"]
[WhiteElo "2046"]
[BlackElo "2080"]

1. e4 e5 2. Nf3 Nc6 3. Bb5 a6 4. Ba4 Nf6 5. Qe2 d6 6. c3 Be7 7. O-O O-O 8. h3 b5
9. Bb3 Na5 10. Bc2 c5 11. d4 Nc6 12. Rd1 Qc7 13. dxc5 dxc5 14. Bg5 h6 15. Bxf6
Bxf6 16. a4 b4 17. Nbd2 Na5 18. Bd3 Rd8 19. Rac1 Qb7 20. Nc4 Nc6 21. Ne3 Be6 22.
Nd5 Na5 23. Nxf6+ gxf6 24. Qe3 Kh7 25. Nh4 Nb3 26. Rb1 Rg8 27. f4 c4 28. Be2 bxc3
29. bxc3 Qc7 30. Rf1 exf4 31. Rxf4 Qc5 32. Qxc5 1/2-1/2

[Event "Druzynowe Mistrzostwa Polski w Szachach I LIGA 2021"]
[Site "Szklarska Poreba"]
[Date "1899-12-30"]
[Round "2.77"]
[White "Statucki, Maciej"]
[Black "Zurkowski, Andrzej"]
[Result "1/2-1/2"]
[WhiteTitle "I"]
[BlackTitle "k+"]
[WhiteElo "1833"]
[BlackElo "2031"]

1. e4 c5 2. Nf3 e6 3. d4 cxd4 4. Nxd4 Nf6 5. Bd3 a6 6. O-O d6 7. Nc3 Be7 8. Be3
b5 9. a3 Bb7 10. Kh1 Nbd7 11. f4 Rc8 12. Nde2 O-O 13. Ng3 Qc7 14. Qe2 Rfd8 15.
Rae1 Bf8 16. Bd4 e5 17. Be3 exf4 18. Rxf4 d5 19. Rh4 dxe4 20. Ngxe4 Re8 21. Nxf6+
Nxf6 22. Bxh7+ Nxh7 23. Qh5 f6 24. Qxh7+ Kf7 25. Qh5+ Kg8 26. Qh7+ Kf7 27. Qh5+
Kg8 1/2-1/2

[Event "Druzynowe Mistrzostwa Polski w Szachach I LIGA 2021"]
[Site "Szklarska Poreba"]
[Date "1899-12-30"]
[Round "2.78"]
[White "Kasperek, Joanna"]
[Black "Czarniecka, Aleksandra"]
[Result "0-1"]
[WhiteTitle "k++"]
[BlackTitle "m"]
[WhiteElo "2053"]
[BlackElo "2021"]

1. e4 c5 2. Nf3 d6 3. Bb5+ Bd7 4. Bxd7+ Qxd7 5. c4 Nc6 6. Nc3 g6 7. d4 cxd4 8.
Nxd4 Bg7 9. Be3 Nf6 10. f3 O-O 11. O-O a6 12. Qd3 Ne5 13. Qe2 Rac8 14. b3 b5 15.
Nd5 Rb8 16. Nxf6+ Bxf6 17. cxb5 axb5 18. Rac1 b4 19. Rc2 Rfc8 20. Rfc1 Rxc2 21.
Rxc2 h5 22. h3 Qb7 23. Qd2 Kh7 24. f4 Nd7 25. Nc6 Bc3 26. Qd5 e6 27. Qxd6 Rc8
28. Ne7 Qxe4 29. Nxc8 Qxe3+ 30. Kh2 Bd4 31. Re2 Qg1+ 32. Kg3 h4+ 33. Kxh4 Bf2+
34. Rxf2 Qxf2+ 35. g3 Qf3 0-1

[Event "Druzynowe Mistrzostwa Polski w Szachach I LIGA 2021"]
[Site "Szklarska Poreba"]
[Date "1899-12-30"]
[Round "3.1"]
[White "Antoniewski, Rafal"]
[Black "Tomczak, Jacek"]
[Result "0-1"]
[WhiteTitle "GM"]
[BlackTitle "GM"]
[WhiteElo "2493"]
[BlackElo "2589"]

1. d4 Nf6 2. c4 g6 3. Nf3 Bg7 4. g3 d5 5. cxd5 Nxd5 6. Bg2 Nb6 7. O-O Nc6 8. Nc3
Nxd4 9. Nxd4 Qxd4 10. Qc2 Qc4 11. Bd2 O-O 12. Rfc1 c6 13. b3 Qc5 14. e4 Qh5 15.
h4 Bg4 16. Bg5 Rfe8 17. a4 Nd7 18. Ra2 Ne5 19. Be3 Nf3+ 20. Kf1 Nh2+ 21. Kg1 Nf3+
22. Kf1 Red8 23. Ne2 Rd7 24. Nf4 Qa5 25. Bh3 Bxh3+ 26. Nxh3 Rad8 27. Ng5 Ne5 28.
Qe2 h6 29. Nh3 Qb4 30. Bc5 Qxb3 31. Ra3 Qe6 32. Nf4 Qf6 33. Bxa7 g5 34. Nh5 Qe6
35. Kg2 Rd2 36. Nxg7 Kxg7 37. Qe3 gxh4 38. Rh1 Nc4 39. Qc3+ Kh7 40. Rxh4 Nxa3
41. Qxa3 R8d3 42. Qc5 Re2 43. Bb8 Rxe4 44. Bf4 Qd5 0-1

[Event "Druzynowe Mistrzostwa Polski w Szachach I LIGA 2021"]
[Site "Szklarska Poreba"]
[Date "1899-12-30"]
[Round "3.2"]
[White "Laurusas, Tomas"]
[Black "Cyborowski, Lukasz"]
[Result "1/2-1/2"]
[WhiteTitle "IM"]
[BlackTitle "GM"]
[WhiteElo "2574"]
[BlackElo "2495"]

1. d4 Nf6 2. c4 e6 3. Nc3 d5 4. Bg5 Be7 5. cxd5 Nxd5 6. Bxe7 Qxe7 7. Rc1 O-O 8.
Nf3 Rd8 9. e3 Nf6 10. Qc2 Nbd7 11. Be2 c5 12. O-O b6 13. Qa4 Bb7 14. Rfd1 h6 15.
h3 Nd5 16. Qa3 Kf8 17. Ne4 Nf4 18. exf4 Bxe4 19. dxc5 Nxc5 20. Ne5 f6 21. Nc4
Nd3 22. Bxd3 Qxa3 23. Nxa3 Bxd3 24. Rc7 b5 25. Rdc1 a5 26. Rb7 b4 27. Nb5 Bxb5
28. Rxb5 Rac8 29. Rxc8 Rxc8 30. Rxa5 Rc1+ 31. Kh2 Rc2 32. b3 Rxf2 33. Kg3 Rc2
34. Kf3 Kf7 35. Ra4 g5 36. g3 Rc3+ 37. Kg2 Rc2+ 38. Kf3 Rc3+ 39. Kg2 Rc2+ 40.
Kf3 Rc3+ 1/2-1/2

[Event "Druzynowe Mistrzostwa Polski w Szachach I LIGA 2021"]
[Site "Szklarska Poreba"]
[Date "1899-12-30"]
[Round "3.3"]
[White "Nurkiewicz, Maciej"]
[Black "Warakomski, Tomasz"]
[Result "0-1"]
[WhiteTitle "m"]
[BlackTitle "GM"]
[WhiteElo "2339"]
[BlackElo "2513"]

1. e4 c5 2. Nf3 e6 3. d4 cxd4 4. Nxd4 Nc6 5. Nb5 d6 6. c4 Nf6 7. N1c3 a6 8. Na3
Qa5 9. Bd2 Be7 10. Be2 O-O 11. Nc2 Qc7 12. O-O Rd8 13. Be3 Ne5 14. Qd4 Ned7 15.
Rfd1 b6 16. b4 Bb7 17. Rac1 Rac8 18. a4 Nc5 19. Rb1 e5 20. Qd2 Ncxe4 21. Nxe4
Nxe4 22. Qe1 d5 23. Bd3 Nf6 24. Bf5 Rb8 25. cxd5 g6 26. d6 Rxd6 27. Bd3 e4 28.
Bf4 exd3 29. Ne3 Nh5 30. Rbc1 Qd7 31. Bxd6 Qxd6 32. Nc4 Qd5 33. f3 Bg5 0-1

[Event "Druzynowe Mistrzostwa Polski w Szachach I LIGA 2021"]
[Site "Szklarska Poreba"]
[Date "1899-12-30"]
[Round "3.4"]
[White "Kantans, Toms"]
[Black "Bartel, Michal"]
[Result "1-0"]
[WhiteTitle "GM"]
[BlackTitle "FM"]
[WhiteElo "2481"]
[BlackElo "2181"]

1. e4 c6 2. d4 d5 3. e5 c5 4. dxc5 Nc6 5. Bb5 e6 6. Be3 Nge7 7. c3 Nf5 8. Bd4 Bd7
9. a4 g5 10. Ne2 Nh4 11. O-O Bg7 12. Ng3 Ng6 13. Re1 Qb8 14. Qe2 Nf4 15. Qg4 Nxe5
16. Bxe5 Bxe5 17. Qxg5 Ng6 18. Na3 Bxb5 19. Nxb5 O-O 20. Rad1 a5 21. Nd4 Bg7 22.
Nh5 Rc8 23. f4 h6 24. Qg4 Kh7 25. Nxe6 1-0

[Event "Druzynowe Mistrzostwa Polski w Szachach I LIGA 2021"]
[Site "Szklarska Poreba"]
[Date "1899-12-30"]
[Round "3.5"]
[White "Sliwerski, Radoslaw"]
[Black "Schippers, Maurice"]
[Result "1/2-1/2"]
[WhiteTitle "k++"]
[BlackTitle "FM"]
[WhiteElo "2007"]
[BlackElo "2285"]

1. d4 Nf6 2. c4 g6 3. g3 Bg7 4. Bg2 O-O 5. Nf3 d6 6. O-O Nc6 7. Nc3 a6 8. d5 Na5
9. b3 c5 10. dxc6 Nxc6 11. Bb2 Bf5 12. Qc1 Rc8 13. Nh4 Bd7 14. Nd5 Nxd5 15. Bxg7
Kxg7 16. cxd5 Ne5 17. Qd2 Qb6 18. h3 Rc7 19. Rac1 Rfc8 20. Rxc7 Rxc7 21. Kh2 Bc8
22. f4 Nd7 23. e4 Qc5 24. Nf3 Qc3 25. Rf2 Nf6 26. Qd4 Rc5 27. g4 Kf8 28. Rd2 a5
29. Qxc3 Rxc3 30. Nd4 Nd7 1/2-1/2

[Event "Druzynowe Mistrzostwa Polski w Szachach I LIGA 2021"]
[Site "Szklarska Poreba"]
[Date "1899-12-30"]
[Round "3.6"]
[White "Warakomska, Anna"]
[Black "Kulon, Klaudia"]
[Result "1/2-1/2"]
[WhiteTitle "WGM"]
[BlackTitle "IM"]
[WhiteElo "2279"]
[BlackElo "2332"]

1. d4 Nf6 2. c4 Nc6 3. Nf3 e6 4. g3 Bb4+ 5. Nbd2 d6 6. Bg2 O-O 7. O-O Bxd2 8. Qxd2
e5 9. dxe5 dxe5 10. Qc2 Qe7 11. Rd1 Bg4 12. Be3 Rfd8 13. a3 Rab8 14. b4 a5 15.
Bc5 Qe8 16. b5 Bxf3 17. Bxf3 Nd4 18. Bxd4 exd4 19. Qd2 b6 20. Qf4 Qd7 21. Rd3
Qd6 22. Rad1 Qxf4 23. gxf4 Rd6 24. Rxd4 Rxd4 25. Rxd4 Kf8 26. Bc6 Ke7 27. Kg2
Rd8 28. Rxd8 Kxd8 29. Kf3 Ke7 30. e4 Nh5 31. e5 g6 32. Ke3 Ng7 33. Bd5 Nf5+ 34.
Kd3 Ng7 35. c5 Nh5 36. cxb6 cxb6 37. Ke4 f5+ 38. Ke3 h6 39. h4 Ng7 40. Kd4 Nh5
41. Ke3 Ng7 42. Ke4 1/2-1/2

[Event "Druzynowe Mistrzostwa Polski w Szachach I LIGA 2021"]
[Site "Szklarska Poreba"]
[Date "1899-12-30"]
[Round "3.7"]
[White "Kovalenko, Igor"]
[Black "Klekowski, Maciej"]
[Result "1-0"]
[WhiteTitle "GM"]
[BlackTitle "GM"]
[WhiteElo "2651"]
[BlackElo "2510"]

1. c4 Nf6 2. d4 e6 3. Nc3 Bb4 4. e3 O-O 5. Nf3 b6 6. Bd2 d5 7. cxd5 exd5 8. Rc1
a6 9. Bd3 Bb7 10. Ne2 Bd6 11. Ng3 g6 12. Ne5 Nbd7 13. Bc3 Ne4 14. f4 f6 15. Nxe4
dxe4 16. Bc4+ Kg7 17. Qg4 f5 18. Qd1 Nf6 19. Qb3 Qe7 20. a4 Rad8 21. O-O h5 22.
h3 h4 23. Be1 Nh5 24. Be2 Ng3 25. Bxg3 hxg3 26. Rc2 g5 27. Rfc1 g4 28. Qc3 Qh4
29. Bf1 Bd5 30. Qe1 c5 31. dxc5 Bxe5 32. fxe5 f4 33. exf4 Rxf4 34. Rc3 Rf3 35.
cxb6 Rdf8 36. Rc7+ Kg6 37. Qb4 gxh3 38. gxf3 Re8 39. Bd3 h2+ 40. Kg2 Rxe5 41.
Qf8 1-0

[Event "Druzynowe Mistrzostwa Polski w Szachach I LIGA 2021"]
[Site "Szklarska Poreba"]
[Date "1899-12-30"]
[Round "3.8"]
[White "Seemann, Jakub"]
[Black "Neiksans, Arturs"]
[Result "0-1"]
[WhiteTitle "FM"]
[BlackTitle "GM"]
[WhiteElo "2294"]
[BlackElo "2565"]

1. e4 c5 2. Nf3 e6 3. d4 cxd4 4. Nxd4 a6 5. c4 b6 6. Be2 Bb7 7. Nc3 Bb4 8. Qd3
Nf6 9. e5 Ne4 10. O-O Bxc3 11. bxc3 d6 12. Nb3 dxe5 13. Qe3 Nd7 14. Rd1 Qc7 15.
Ba3 Nec5 16. Rd2 O-O 17. Rad1 Rac8 18. Rd6 Nf6 19. Rxb6 Qxb6 20. Bxc5 Qc6 21.
Bf3 Rfd8 22. Rb1 e4 23. Be2 Ba8 24. Bb6 Re8 25. Na5 Qa4 26. Qd2 Qd7 27. Qe3 Rb8
28. c5 Nd5 29. Qd4 e5 30. Qc4 Nf4 31. Bf1 Bd5 32. Qxa6 Qg4 33. c4 Nh3+ 34. Kh1
Nxf2+ 35. Kg1 Nh3+ 36. Kh1 Nf2+ 37. Kg1 Qf4 38. cxd5 Ng4 39. Bb5 Qe3+ 40. Kh1
Nf2+ 41. Kg1 Nh3+ 42. Kh1 Qg1+ 43. Rxg1 Nf2# 0-1

[Event "Druzynowe Mistrzostwa Polski w Szachach I LIGA 2021"]
[Site "Szklarska Poreba"]
[Date "1899-12-30"]
[Round "3.9"]
[White "Kolosowski, Mateusz"]
[Black "Barski, Radoslaw"]
[Result "0-1"]
[WhiteTitle "IM"]
[BlackTitle "IM"]
[WhiteElo "2448"]
[BlackElo "2442"]

1. d4 d5 2. Nf3 Nf6 3. c4 c6 4. Qb3 dxc4 5. Qxc4 Bf5 6. g3 e6 7. Bg2 Be7 8. O-O
O-O 9. Rd1 Nbd7 10. e3 Rc8 11. Nc3 b5 12. Qe2 b4 13. Na4 Qa5 14. b3 c5 15. a3
Qc7 16. Bb2 c4 17. axb4 Bxb4 18. Rdc1 Bd3 19. Qd1 Qb8 20. bxc4 Bxc4 21. Ne5 Nxe5
22. dxe5 Rfd8 23. Bd4 Nd5 24. Qh5 a5 25. Be4 g6 26. Qf3 Qb5 27. Qd1 Rc6 28. Bf3
Rcc8 29. h4 Qe8 30. h5 Bb5 31. Rxc8 Rxc8 32. Nb6 Nxb6 33. Bxb6 a4 34. Bd4 a3 35.
Qb3 Bf8 36. Kg2 Bc6 37. e4 Qd7 38. Qe3 Ba4 39. Rh1 Rd8 40. Ba1 Qd2 41. Qa7 Bc2
42. hxg6 hxg6 43. Qc7 a2 44. Qa7 Bb3 45. Qc7 Rd3 46. Qc8 Rd8 47. Qc7 Bc2 48. Qa7
g5 49. g4 Rd3 50. Rh3 Bb1 51. Qc7 Qf4 0-1

[Event "Druzynowe Mistrzostwa Polski w Szachach I LIGA 2021"]
[Site "Szklarska Poreba"]
[Date "1899-12-30"]
[Round "3.10"]
[White "Karolczuk, Iwo"]
[Black "Sabuk, Piotr"]
[Result "1/2-1/2"]
[WhiteTitle "k+"]
[BlackTitle "IM"]
[WhiteElo "2383"]
[BlackElo "2393"]

1. Nf3 d5 2. g3 c5 3. Bg2 Nf6 4. O-O e6 5. c4 d4 6. e3 Nc6 7. exd4 cxd4 8. d3 Bd6
9. Bg5 h6 10. Bxf6 Qxf6 11. Nbd2 Qd8 12. Rc1 O-O 13. c5 Be7 14. Re1 Qc7 15. Qa4
Bd7 16. Nxd4 Nxd4 17. Qxd4 Rfd8 18. Qb4 Bc6 19. Bxc6 Qxc6 20. Nb3 Rd7 21. Qc4
Rad8 22. Na5 Qxc5 23. Qxc5 Bxc5 24. Rxc5 b6 25. Rb5 bxa5 26. Rxa5 Rb7 27. Re2
1/2-1/2

[Event "Druzynowe Mistrzostwa Polski w Szachach I LIGA 2021"]
[Site "Szklarska Poreba"]
[Date "1899-12-30"]
[Round "3.11"]
[White "Dubinski, Mateusz"]
[Black "Przewoznik, Jan"]
[Result "1-0"]
[WhiteTitle "FM"]
[BlackTitle "IM"]
[WhiteElo "2223"]
[BlackElo "2309"]

1. d4 Nf6 2. c4 e6 3. g3 d5 4. Nf3 Be7 5. Bg2 O-O 6. O-O c6 7. Nbd2 b6 8. Qc2 Bb7
9. e4 dxe4 10. Nxe4 Nxe4 11. Qxe4 Nd7 12. Rd1 Qc8 13. Bf4 c5 14. d5 Bf6 15. Qc2
exd5 16. cxd5 h6 17. a4 Re8 18. Nd2 Be5 19. Be3 Nf6 20. Nc4 Ng4 21. Ra3 Qd7 22.
Nxe5 Nxe5 23. a5 Rad8 24. h3 Qd6 25. Kh2 Qf6 26. f4 Ng6 27. Bf2 Ne7 28. axb6 axb6
29. Ra7 Ba8 30. b4 cxb4 31. Rxa8 Rxa8 32. d6 Ng6 33. d7 Red8 34. Bxa8 b3 35. Qxb3
Rxa8 36. Bxb6 Rd8 37. Bxd8 Qxd8 38. Qe3 1-0

[Event "Druzynowe Mistrzostwa Polski w Szachach I LIGA 2021"]
[Site "Szklarska Poreba"]
[Date "1899-12-30"]
[Round "3.12"]
[White "Marcinczyk, Monika"]
[Black "Toma, Katarzyna"]
[Result "1-0"]
[WhiteTitle "WCM"]
[BlackTitle "WGM"]
[WhiteElo "1982"]
[BlackElo "2289"]

1. e4 c5 2. Nf3 Nc6 3. d4 cxd4 4. Nxd4 Nf6 5. Nc3 d6 6. f3 e5 7. Nb3 Be6 8. Be3
Be7 9. Nd5 O-O 10. Qd2 Bxd5 11. exd5 Nb8 12. O-O-O a5 13. Kb1 a4 14. Nc1 Nbd7
15. a3 Nb6 16. c4 Qc7 17. Qb4 Nfd7 18. Na2 Rfc8 19. Rc1 Nc5 20. Nc3 Nbd7 21. Nb5
Qd8 22. Be2 Ra6 23. f4 Bf6 24. Rc2 exf4 25. Bxf4 Be5 26. Qd2 Qf6 27. Rf1 Qg6 28.
Bxe5 Nxe5 29. Qf4 Raa8 30. Qf5 Rd8 31. Nd4 Rac8 32. Qxg6 hxg6 33. Nf3 Ng4 34.
Rc3 Re8 35. Re1 Nb3 36. Bd1 Nc5 37. h3 Nf2 38. Kc2 Nce4 39. Rce3 Rxc4+ 40. Kb1
Nxd1 41. Rxd1 Rec8 42. Nd4 Re8 43. Ka2 f5 44. Nb5 Rc2 45. Rd4 Ra8 46. g4 Ra6 47.
Nc3 Nxc3+ 48. Rxc3 Rxc3 49. bxc3 Ra5 50. Kb2 Kf7 51. g5 Rc5 52. Rxa4 Rxd5 53.
Ra7 Rb5+ 54. Kc2 Ke6 55. a4 Rb6 56. a5 Rb5 57. c4 Rb4 58. Kc3 Ra4 59. Rxb7 Rxa5
60. Rxg7 Ke5 61. h4 Ra3+ 62. Kd2 Rh3 63. Rxg6 Rxh4 64. Kd3 Rh3+ 65. Kd2 f4 66.
Rg8 Kd4 67. g6 Rh2+ 68. Ke1 Rg2 69. g7 f3 70. c5 dxc5 71. Rd8+ Kc3 72. g8=Q Rxg8
73. Rxg8 c4 74. Rf8 Kb2 75. Rxf3 c3 76. Rf8 1-0

[Event "Druzynowe Mistrzostwa Polski w Szachach I LIGA 2021"]
[Site "Szklarska Poreba"]
[Date "1899-12-30"]
[Round "3.13"]
[White "Niedbala, Bartlomiej"]
[Black "Kosakowski, Jakub"]
[Result "1/2-1/2"]
[WhiteTitle "FM"]
[BlackTitle "IM"]
[WhiteElo "2380"]
[BlackElo "2445"]

1. e4 e5 2. Nf3 Nc6 3. Bb5 a6 4. Ba4 Nf6 5. O-O Be7 6. Re1 b5 7. Bb3 O-O 8. a4
Bb7 9. d3 d6 10. Bd2 Qd7 11. Nc3 b4 12. Nd5 Nxd5 13. Bxd5 a5 14. c3 Rab8 15. d4
Ba6 16. Rc1 bxc3 17. Bxc6 Qxc6 18. Bxc3 Qa8 19. dxe5 Bb7 20. exd6 cxd6 21. Nd2
Rfe8 22. Qg4 Bf8 23. Re3 Re6 24. Qf5 Rc8 25. Rce1 Rc5 26. Qf4 d5 27. exd5 Bxd5
28. Rxe6 Bxe6 29. h3 Rf5 30. Qg3 Qc6 31. Nf3 Qxa4 32. Nd4 Rf6 33. Nxe6 Rxe6 34.
Rxe6 fxe6 35. Qd3 Qc6 36. Bxa5 Qc1+ 37. Qf1 Qxb2 38. Qe1 Qb3 39. Bc3 1/2-1/2

[Event "Druzynowe Mistrzostwa Polski w Szachach I LIGA 2021"]
[Site "Szklarska Poreba"]
[Date "1899-12-30"]
[Round "3.14"]
[White "Pacan-milej, Kosma"]
[Black "Suder, Jakub"]
[Result "1/2-1/2"]
[WhiteTitle "FM"]
[BlackTitle "FM"]
[WhiteElo "2401"]
[BlackElo "2339"]

1. d4 d5 2. c4 e6 3. Nf3 a6 4. cxd5 exd5 5. Nc3 c6 6. Qb3 Nf6 7. Bg5 Be7 8. e3
Nbd7 9. Bd3 O-O 10. O-O Re8 11. Qc2 Nf8 12. Na4 g6 13. Rab1 Ne6 14. Bxf6 Bxf6
15. b4 Qd6 16. Rfc1 Kg7 17. Nd2 h5 18. Nc5 Ng5 19. a4 h4 20. b5 axb5 21. axb5
Bd8 22. bxc6 Bc7 23. Nf1 bxc6 24. Nb7 Bxb7 25. Rxb7 Re6 26. f4 Nh7 27. Qc5 Qd8
28. f5 Rf6 29. fxg6 Nf8 30. gxf7 Ra2 31. Rc2 Bd6 32. Qc3 Ra3 33. Rb3 Ra7 34. e4
dxe4 35. Bxe4 Raxf7 36. Bf3 h3 37. d5 Ng6 38. dxc6 Be5 39. Qe1 Bd4+ 40. Kh1 Qd5
41. c7 Rxf3 42. Rxf3 hxg2+ 43. Rxg2 Qxf3 44. c8=Q Qxf1+ 45. Rg1 1/2-1/2

[Event "Druzynowe Mistrzostwa Polski w Szachach I LIGA 2021"]
[Site "Szklarska Poreba"]
[Date "1899-12-30"]
[Round "3.15"]
[White "Czerw, Dawid"]
[Black "Olsen, Filip Boe"]
[Result "1/2-1/2"]
[WhiteTitle "FM"]
[BlackTitle "IM"]
[WhiteElo "2413"]
[BlackElo "2378"]

1. d4 d5 2. c4 c6 3. Nf3 Nf6 4. Qb3 dxc4 5. Qxc4 Bg4 6. Nbd2 e6 7. g3 Be7 8. Bg2
O-O 9. O-O a5 10. a4 Na6 11. h3 Bh5 12. g4 Bg6 13. Ne5 Nd5 14. Nxg6 hxg6 15. Ne4
Qb8 16. Bd2 Nab4 17. e3 Qa7 18. Nc5 Rfd8 19. Bxb4 Nxb4 20. Rfd1 Bxc5 21. dxc5
Na6 22. Rdc1 Nb4 23. Rd1 Qb8 24. Qc3 Qc7 25. Bf3 Qe7 26. Be2 g5 27. Qe5 Rd5 28.
Rxd5 cxd5 29. Qd6 Qxd6 30. cxd6 Rd8 31. Rc1 Nc6 32. Ba6 Rxd6 33. Bxb7 Ne5 34.
Rc8+ Kh7 35. Ra8 Rb6 36. Ba6 Rxb2 37. Bb5 Nc4 38. Bxc4 dxc4 39. Rxa5 c3 40. Rc5
c2 41. Kg2 1/2-1/2